Sabrina Carpenter - Surprise Covers du Short n' Sweet Tour - Statistiques

Statistiques générales
  • Ce quiz a été pris 54 fois
    14 depuis la dernière actualisation
  • Le résultat moyen est 37 sur 70
Statistiques - réponses
Hint Réponse % Correct
New York City, États-Unis(31 octobre) Barbie Girl de Aqua
82%
Paris, France (16 mars) Paris de Sabrina Carpenter
82%
Dublin, Irlande (3 mars) 15 Minutes de Sabrina Carpenter
73%
Manchester, Royaume-Uni (14 mars) 15 Minutes de Sabrina Carpenter
73%
Amsterdam, Pays-Bas (23 mars) 15 Minutes deSabrina Carpenter
73%
Copenhague, Danemark(1 avril) 15 Minutes deSabrina Carpenter
73%
Pittsburgh, États-Unis(24 octobre) 15 Minutes deSabrina Carpenter
73%
Los Angeles, États-Unis(17 novembre) 15 Minutes deSabrina Carpenter
73%
Columbus, États-Unis (23 septembre) Mamma Mia de ABBA
73%
New York, États-Unis (29 septembre) Mamma Mia de ABBA
73%
Boston, États-Unis (3 octobre) Mamma Mia de ABBA
73%
Chicago, États-Unis (13 octobre) Mamma Mia de ABBA
73%
St Louis, États-Unis (17 octobre) Mamma Mia de ABBA
73%
Orlando, États-Unis (24 octobre) Mamma Mia de ABBA
73%
Denver, États-Unis (1 novembre) Mamma Mia de ABBA
73%
Seattle, États-Unis (6 novembre) Mamma Mia de ABBA
73%
Inglewood, États-Unis (17 novembre) Mamma Mia de ABBA
73%
Birmingham, Royaume-Uni (6 mars) Mamma Mia de ABBA
73%
Manchester, Royaume-Uni (13 mars) Mamma Mia de ABBA
73%
Berlin, Allemagne (19 mars) Mamma Mia de ABBA
73%
Milan, Italie (26 mars) Mamma Mia de ABBA
73%
Stockholm, Suède(3 avril) Mamma Mia de ABBA
73%
New York City, États-Unis(28 octobre) Mamma Mia de ABBA
73%
Londres, Royaume-Uni (9 mars) Come On Eileen de Dexys Midnight Runners
55%
Londres, Royaume-Uni (8 mars) Couldn't Make It Any Harder de Sabrina Carpenter
55%
Copenhague, Danemark(31 mars) Couldn't Make It AnyHarder de Sabrina Carpenter
55%
New York City, États-Unis(1 novembre) Couldn't Make It AnyHarder de Sabrina Carpenter
55%
Bruxelles, Belgique (22 mars) Couldn't Make It Any Harder de Sabrina Carpenter
55%
New York City, États-Unis(26 octobre) Go Go Juice de Sabrina Carpenter
55%
Nashville, États-Unis(4 novembre) Go Go Juice de Sabrina Carpenter
55%
Los Angeles, États-Unis(19 novembre) Go Go Juice de Sabrina Carpenter
55%
Los Angeles, États-Unis(23 novembre) Goodbye de Sabrina Carpenter
55%
Pittsburgh, États-Unis(23 octobre) Nobody's Son de Sabrina Carpenter
55%
New York City, États-Unis(29 octobre) Nobody's Son de Sabrina Carpenter
55%
Nashville, États-Unis(5 novembre) Nobody's Son de Sabrina Carpenter
55%
Los Angeles, États-Unis(16 novembre) Nobody's Son deSabrina Carpenter
55%
Los Angeles, États-Unis(22 novembre) Nobody's Son de Sabrina Carpenter
55%
Dublin, Irlande(4 mars) Bad Reviews de Sabrina Carpenter
45%
Glasgow, Royaume-Uni (11 mars) Bad Reviews de Sabrina Carpenter
45%
Zuriche, Suisse(27 mars) Bad Reviews deSabrina Carpenter
45%
Toronto, Canada(11 novembre) Bad Reviews deSabrina Carpenter
45%
Brooklyn, États-Unis (30 septembre) Busy Woman de Sabrina Carpenter
45%
Philadelphia, États-Unis (8 octobre) Busy Woman de Sabrina Carpenter
45%
Houston, États-Unis (27 octobre) Busy Woman de Sabrina Carpenter
45%
Vancouver, Canada (4 novembre) Busy Woman deSabrina Carpenter
45%
Detroit, États-Unis (26 septembre) Kiss Me de Sixpence None the Richer
45%
Hartford, États-Unis (2 octobre) Kiss Me de Sixpence None the Richer
45%
Montréal, Canada (11 octobre) Kiss Me de Sixpence None the Richer
45%
Charlottesville, États-Unis (20 octobre) Kiss Me de Sixpence None the Richer
45%
San Francisco, États-Unis (9 novembre) Kiss Me de SixpenceNone the Richer
45%
Nashville, États-Unis (16 octobre) 9 to 5 de Dolly Parton
36%
Atlanta, États-Unis (22 octobre) 9 to 5 de Dolly Parton
36%
Austin, États-Unis(28 octobre) 9 to 5 de Dolly Parton
36%
Portland, États-Unis (7 novembre) 9 to 5 de Dolly Parton
36%
Phoenix, États-Unis (13 novembre) 9 to 5 de Dolly Parton
36%
Dallas, États-Unis (30 octobre) Hopelessly Devoted To You d'Olivia Newton-John
36%
Paris, France (17 mars) Lady Marmelade de Christina Aguilera
36%
Stockholm, Suède(4 avril) Lay All Your Love on Me de ABBA
36%
Toronto, Canada(10 novembre) My Man on Willpower de Sabrina Carpenter
36%
Los Angeles, États-Unis(20 novembre) My Man on Willpower de Sabrina Carpenter
36%
Baltimore, États-Unis (5 octobre) Material Girl de Madonna
27%
Minneapolis, États-Unis (14 octobre) Material Girl de Madonna
27%
Raleigh, États-Unis(19 octobre) Material Girl de Madonna
27%
Tampa, États-Unis (25 octobre) Material Girl de Madonna
27%
Salt Lake City, États-Unis (2 novembre) Material Girl de Madonna
27%
San Diego, États-Unis (10 novembre) Material Girl de Madonna
27%
Oslo, Norvège(30 mars) Material Girl de Madonna
27%
Inglewood, États-Unis (18 novembre) Super Freak de Rick James
27%
Los Angeles, États-Unis (15 novembre) Ain't No Other Man & What a Girl Wants avec Christina Aguilera
18%
Toronto, Canada (25 septembre) That Don't Impress Me Much de Shania Twain
18%
Aucun quiz correspondant
Distribution des résultats
% des personnes avec chaque résultat
Percentile par nombre de réponses
Votre historique - résultats
Vous n’avez pas pris ce quiz depuis la dernière actualisation